Révolution française - Décodeur - Statistiques

Statistiques générales
  • Ce quiz a été pris 8 809 fois
  • Le résultat moyen est 16 sur 24
Statistiques - réponses
Lettre Indices Réponses % Correct
X Numéro en chiffres romain du roi de la Révolution XVI
96%
A Pays d'origine de cette dernière où elle est née Autriche
95%
L Prénom du roi précédemment évoqué Louis
95%
M Prénom de la reine de France Marie-Antoinette
94%
M Allégorie de la République française, représentant une femme coiffée d'un bonnet phrygien Marianne
92%
B Prison prise le 14 juillet 1789 Bastille
90%
I Objectif d'une guerre en Amérique qui a plongé la France dans une crise économie peu avant la Révolution Guerre d'{Indépendance} des États-Unis
86%
R Couleur de la guillotine Rouge
84%
E Pays frontalier dont le roi est le cousin du roi de France Espagne
82%
P Monument funéraire en hommage aux grands personnages de l'histoire de France. Le premier à y être entré (puis sorti) était Mirabeau en 1791 Panthéon
77%
S Surnom donné aux révolutionnaires en raison d'un vêtement qu'ils ne portaient pas Sans-culottes
74%
N Nom de règne du général qui réalise un coup d'État le 18 Brumaire an VIII Napoléon Ier
71%
I Lieu où repose le général à l'origine du coup d'État du 18 Brumaire Hôtel des {Invalides}
70%
E Pratique inhumaine abolie une première fois durant la Révolution avant de l'être de façon définitive en 1848 Esclavage
69%
O Monument de la place de la Concorde à Paris, qui s'appelait à cette époque Place de la Révolution Obélisque
66%
R Pays actuel qui a connu des révolutions dès le XVIe siècle qui ont pu inspirer les révolutionnaires français Royaume-Uni
61%
D Ils sont créés au cours de la Révolution au nombre de 83 au départ, ils sont désormais 101 Départements
60%
R Compositeur de la Marseillaise en 1792 Claude Joseph Rouget de Lisle
55%
E Associée à la liberté dans les idées révolutionnaires Égalité
43%
E Cette institution se réunit à Versailles le 5 mai 1789, ce qui peut être considéré comme le début de la Révolution États-généraux
43%
Maximilien de Robespierre
36%
I Régime politique entre 1792 et 1804 Ière République
25%
E Nom donné à la scène sur laquelle ont eu lieu les exécutions à la guillotine Échafaud
24%
I Adjectif qualifiant la Commune de Paris de 1792 à 1795 Insurrectionnelle
10%
Aucun quiz correspondant
Distribution des résultats
% des personnes avec chaque résultat
Percentile par nombre de réponses
Votre historique - résultats
Vous n’avez pas pris ce quiz